Les 20 meilleurs pays du monde en mathématique - Statistiques

Statistiques générales
  • Ce quiz a été pris 427 fois
  • Le résultat moyen est 13 sur 20
Statistiques - réponses
Rang Pays % Correct
1 Chine
98%
4 Japon
96%
5 Corée-du-Sud
84%
18 Allemagne
82%
10 Canada
81%
15 Royaume-Uni
77%
17 Norvège
76%
16 Suède
76%
14 Finlande
74%
9 Suisse
69%
12 Danemark
64%
13 Belgique
62%
8 Pologne
62%
7 Pays-Bas
59%
20 Autriche
55%
19 Irlande
54%
2 Singapour
49%
3 Taïwan
46%
6 Estonie
42%
11 Slovénie
33%
Aucun quiz correspondant
Distribution des résultats
% des personnes avec chaque résultat
Percentile par nombre de réponses
Votre historique - résultats
Vous n’avez pas pris ce quiz